Quizzes
Events
Quiz Creation
Community
Videos
Private Events
Remove Ads
Sign In
Join for FREE
Feedback
Dark Mode
Quiz Categories
Sports
Geography
Music
Movies
Television
Just For Fun
Miscellaneous
History
Literature
Language
Science
Gaming
Entertainment
Religion
Holiday
For Kids
Quiz Lab
Recent
Popular Today
Quiz Kudos Today
Editor Picks
Curator Picks
Quizzes by...
Day
Popularity
Type
Ratings
Length
Year
Community
Subscriptions
Recent Discussions
Orange Saloon
Badges
Playlists
Quests
Create
Leaderboards
Showdown
Live 5
Trivia Bingo
Activity
Puzzle Library
Sporcle Events
Private Events
Virtual Trivia
Globe League
Become a Host
Pub Owners
SporcleCon
Opinionation
Our Games
Videos
Blog
Mobile Apps
Partnerships
Remove Ads and Go Orange
Feedback
Sports
Athletes
MLB
NBA
NHL
NFL
Soccer
Sports Teams
WWE
NCAA
Football
Premier League
Basketball
Baseball
Hockey
Golf
Tennis
Cricket
Rugby
Auto Racing
Olympics
World Cup
Sports
Athletes
MLB
NBA
NHL
NFL
Soccer
Sports Teams
WWE
NCAA
Football
Premier League
Basketball
Baseball
Hockey
Golf
Tennis
Cricket
Rugby
Auto Racing
Olympics
World Cup
Random Quiz
Search Sporcle
×
Quiz Lab
Quiz Lab
Sports
WWE
Type in answers that appear in a list
Type in answers that appear in a list
Classic
Best Score? Go Orange.
Guess the Pro Wrestling Rosters: 2000 - 2002 Stats
Can you name the pro wrestlers from the years 2000 to 2002?
By
spark1
20m
291 Questions
1,879 Plays
1,879 Plays
1,879 Plays
Comments
Comments
Give Quiz Kudos
Give Quiz Kudos
-
- Ratings
hide this ad
More Info
Replay
Link that replays current quiz
Next Quiz
Link to next quiz in quiz playlist
You Got
0%
They Got
Avg Score
59%
Avg Friend Score
Upgrade to see
Score Distribution
Jump to the score distribution portion of the page
Score
0/291
Timer
20:00
1
Play Today
Promotion
Name
% Correct
WWE
The Rock
90.7%
WWE
Bubba Ray Dudley
90.5%
WWE
D-Von Dudley
90.3%
ECW
Spike Dudley
89.7%
WWE
Spike Dudley
89.6%
WWE
Edge
89.4%
WWE
Jeff Hardy
89.3%
WWE
Eddie Guerrero
89.2%
WWE
Matt Hardy
89.2%
WWE
Kane
88.6%
WWE
Triple H
88.6%
WWE
Steve Austin
88.6%
WWE
Christian
88.3%
WWE
The Undertaker
88.1%
TNA
Syxx Pac
88%
WWE
Chris Benoit
87.4%
WWE
Kevin Nash
87.4%
WWE
Kurt Angle
87.4%
WCW
Chris Benoit
87.4%
WCW
Kevin Nash
87.3%
WCW
Hulk Hogan
87.1%
WWE
Billy Gunn
87%
WWE
Chavo Guerrero Jr
86.7%
WWE
Booker T
86.7%
WCW
Chavo Guerrero Jr
86.7%
WCW
Booker T
86.6%
WWE
Chris Jericho
86.4%
WWE
Rob Van Dam
86.4%
ECW
Rob Van Dam
86.3%
WWE
Scott Hall
86%
TNA
Scott Hall
86%
WCW
Scott Hall
85.9%
WWE
The Big Show
85.1%
TNA
AJ Styles
84.8%
WCW
AJ Styles
84.8%
WCW
Ric Flair
84.2%
WWE
Ric Flair
84.1%
WCW
Horace Hogan
84%
WWE
Hollywood Hogan
83.7%
TNA
BG James
83.6%
WWE
Road Dogg
83.5%
WCW
Jeff Jarrett
81.8%
TNA
Jeff Jarrett
81.8%
WCW
David Flair
81.7%
WWE
Test
81.5%
WWE
X-Pac
81.5%
TNA
Low Ki
81.3%
ECW
Tommy Dreamer
81.2%
WWE
Tommy Dreamer
81.1%
WWE
Tazz
81%
TNA
Bruce
80.9%
WCW
Perry Saturn
80.7%
WWE
Perry Saturn
80.7%
WWE
Dean Malenko
80.6%
WCW
Rave
80.5%
WCW
Dean Malenko
80.4%
WWE
Lance Storm
80.3%
ECW
Lance Storm
80.2%
WCW
Lance Storm
80.2%
WWE
Bradshaw
80.2%
WWE
Albert
79.8%
WWE
Scott Steiner
79.3%
WCW
Scott Steiner
79.3%
WWE
Diamond Dallas Page
79.1%
WWE
Rey Mysterio
79.1%
WCW
Crowbar
79%
WCW
Diamond Dallas Page
78.9%
TNA
James Storm
78.9%
TNA
Tempest
78.7%
WCW
Sting
78.6%
ECW
The Sandman
78.5%
TNA
Rick Steiner
78.5%
WCW
Rick Steiner
78.4%
WWE
Grandmaster Sexay
78.1%
WCW
Goldberg
77.9%
WWE
Rikishi
77.6%
TNA
Jimmy Rave
77.2%
TNA
Quiet Storm
77.2%
TNA
Devon Storm
77.1%
WWE
Shawn Michaels
77.1%
WWE
Rhyno
76.5%
ECW
Rhino
76.5%
WCW
Dustin Rhodes
76.3%
WWE
Scotty 2 Hotty
76%
WWE
Goldust
76%
WCW
Rey Mysterio Jr
75.7%
TNA
Brian Christopher
75.6%
WWE
John Cena
75.5%
WWE
Mick Foley
75.5%
WWE
Brock Lesnar
75.3%
WCW
Bret Hart
75.3%
ECW
Sabu
75%
WWE
Crash Holly
75%
WWE
Randy Orton
74.9%
WWE
Hardcore Holly
74.8%
WWE
Al Snow
74.3%
WWE
William Regal
74.1%
Promotion
Name
% Correct
WWE
Mike Awesome
73.6%
ECW
Mike Awesome
73.6%
WCW
Mike Awesome
73.5%
WWE
D'lo Brown
72.9%
WWE
Raven
72.8%
WWE
The Hurricane
72.6%
ECW
Raven
72.6%
WCW
Shane Helms
72.5%
WWE
The Godfather
72.3%
WWE
Billy Kidman
72.2%
WCW
Billy Kidman
72.1%
WWE
Faarooq
72%
WWE
Val Venis
71.8%
WWE
Steven Richards
70.7%
ECW
Yoshihiro Tajiri
70.6%
WWE
Tajiri
70.4%
WWE
K Kwik
69.6%
TNA
Ken Shamrock
69.6%
TNA
Monty Brown
69.6%
WWE
Batista
69.5%
TNA
Ron Killings
69.5%
WWE
The Big Bossman
69.4%
WWE
Justin Credible
69.2%
ECW
Justin Credible
69.1%
WWE
Chuck Palumbo
68.4%
WCW
Chuck Palumbo
68.4%
WWE
Mark Henry
67.3%
TNA
Christopher Daniels
66.4%
WWE
Gangrel
65.9%
TNA
Vampire Warrior
65.8%
WCW
Chris Kanyon
65.5%
WCW
Kanyon
65.5%
WWE
Chris Kanyon
65.5%
WCW
Juventud Guerrera
65.4%
WWE
Viscera
65%
WWE
Mr Perfect
64.5%
WCW
Curt Hennig
64.5%
WCW
Lex Luger
64.4%
WCW
Buff Bagwell
64.2%
WCW
Brian Adams
64.1%
TNA
Buff Bagwell
64%
WCW
Stevie Ray
63.8%
WCW
Terry Funk
63.7%
WCW
Ron Harris
63.6%
WCW
Kwee Wee
63.5%
TNA
Don Harris
63.2%
TNA
Ron Harris
63.1%
WCW
Don Harris
63%
WWE
Steve Blackman
62.8%
WCW
Shane Douglas
62.8%
WWE
Sean O'Haire
62.7%
TNA
Chris Harris
62.6%
WCW
Sean O'Haire
62.6%
WWE
Shawn Stasiak
62.2%
WWE
Bryan Clark
62%
ECW
Jerry Lynn
61.9%
WWE
Jerry Lynn
61.9%
WCW
Bam Bam Bigelow
61.9%
TNA
Jerry Lynn
61.8%
WWE
Bull Buchanan
61.2%
WCW
Shawn Stasiak
60.8%
WCW
Sid Vicious
60.7%
WWE
Funaki
60.4%
WWE
Brian Adams
59.9%
WCW
Konnan
59.8%
TNA
Konnan
59.7%
TNA
Psicosis
59.1%
WWE
Jerry Lawler
59.1%
ECW
Psicosis
59.1%
WCW
Psicosis
59.1%
WWE
Hugh Morrus
59%
ECW
Little Guido
58.9%
WCW
Gen. Rection
58.9%
ECW
CW Anderson
58.8%
ECW
New Jack
57.9%
ECW
Super Crazy
57.5%
WCW
Bryan Clark
57.1%
TNA
Chris Michaels
57.1%
TNA
Rick Michaels
57%
WCW
Mark Jindrak
56.9%
WWE
Mark Jindrak
56.8%
WCW
Shannon Moore
56.6%
WCW
Johnny the Bull
56.4%
WWE
Chaz
56.2%
WWE
Naked Mideon
55.3%
WWE
Taka Michinoku
55.1%
WCW
Road Warrior Animal
55%
ECW
Balls Mahoney
54.7%
WWE
Jamie Knoble
54.6%
WCW
Jamie Knoble
54.6%
WWE
Maven
54.3%
ECW
The Blue Boy
53.2%
WWE
The British Buldog
53%
WCW
Big T
52.3%
WCW
Disco Inferno
51.9%
WWE
Haku
51.6%
WCW
Elix Skipper
51.6%
Promotion
Name
% Correct
WCW
Vampiro
51.5%
TNA
CM Punk
51.5%
WCW
Meng
51.4%
ECW
Steve Corino
51.3%
TNA
Steve Corino
51.2%
TNA
Elix Skipper
51.2%
WCW
Fit Finlay
50.8%
WCW
Chris Candido
50.7%
ECW
Masato Tanaka
50.3%
WWE
Pete Gas
49.7%
ECW
Mikey Whipwreck
49.4%
ECW
Amish Roadkill
49.3%
WWE
Jamal
49.1%
WWE
Joey Abs
48.9%
WWE
Rodney
48.1%
WWE
Essa Rios
47.6%
ECW
Nova
46.5%
WCW
Alex Wright
46.4%
TNA
Malice
46.2%
WWE
Rosey
46.2%
WCW
The Wall
46.2%
TNA
Jimmy Yang
46.1%
WCW
Yun Yang
45.6%
ECW
Danny Doring
45.5%
WCW
Big Vito
45.2%
TNA
Rick Johnson
44.8%
TNA
Rod Johnson
44.6%
WCW
Jim Duggan
44.6%
ECW
Kid Kash
44.3%
TNA
Kid Kash
44.1%
WCW
Norman Smiley
44%
TNA
Norman Smiley
44%
WWE
Rico
43.6%
WCW
Ernest Miller
43.1%
WCW
Brian Knobbs
41.7%
WCW
Mike Sanders
41.2%
ECW
Tony Mamaluke
41.1%
TNA
Tony Mamaluke
41%
WCW
Evan Karagias
40%
TNA
David Young
38.7%
WCW
La Parka
38.2%
WCW
Lenny Lane
37.4%
TNA
Lenny Lane
37.3%
TNA
Joey Matthews
36.5%
WWE
Christopher Nowinski
36.4%
WCW
The Great Muta
35.7%
WWE
Tiger Ali Singh
34.5%
ECW
Scotty Anton
34.3%
ECW
Simon Diamond
34.2%
WCW
Air Paris
34.2%
TNA
Simon Diamond
34.1%
WCW
Tank Abbott
34%
TNA
Amazing Red
33.6%
WCW
The Artist
33.5%
ECW
Christian York
32.6%
TNA
Christian York
32.6%
WCW
Reno
32.4%
ECW
Chris Chetti
32.3%
TNA
Lash LeRoux
31.9%
WCW
Lash LeRoux
31.8%
ECW
Johnny Swinger
31.5%
TNA
Johnny Swinger
31.4%
TNA
Shark Boy
30.8%
TNA
Slash
30.3%
WCW
Major Stash
30.2%
TNA
Sonny Siaki
30.2%
WCW
Jason Jett
29.9%
ECW
Julio Dinero
29.7%
ECW
EZ Money
29.5%
WCW
Kaz Hayashi
29.1%
ECW
Joey Matthews
28.7%
WCW
Jerry Flynn
27.2%
WCW
Buzzkill
27.2%
WCW
The Demon
26.8%
WCW
Kid Romeo
26.5%
TNA
Brian Lee
25.3%
ECW
Chilly Willy
24%
ECW
Sal E Graziano
23.1%
ECW
Vic Grimes
22.1%
WCW
The Maestro
22%
ECW
Spanish Angel
21.7%
TNA
Chase Stevens
20.8%
TNA
Jorge Estrada
19.9%
ECW
Tony DeVito
19.7%
WCW
Carl Oulette
19%
TNA
Joel Maximo
18.3%
TNA
Jose Maximo
18.3%
ECW
Chris Hamrick
18.2%
TNA
Apollo
17.5%
TNA
Ace Steel
16%
WCW
MI Smooth
14.4%
TNA
Jason Cross
13.5%
TNA
Cassidy O'Reilly
13.3%
ECW
Bilvis Wesley
13.3%
TNA
Kobain
12.3%
TNA
Chris Divine
11.4%
TNA
Derek Wylde
10.7%
Quiz Playlist
Details
Report
Send in Message
Add To Playlist
More Info:
WCW and ECW rosters taken from 2000 to 2001, TNA roster taken from 2002
Classic:
Type in answers that appear in a list
Last Updated: Feb 16, 2017
Quiz Scoreboard
CHALLENGE
Sign Up to Join the Scoreboard
Show All
Scores
Hide
Comments
May contain spoilers
Recently Published
An Introduction to Baseball
by treessimontrees
Sports
5m
Movies - When Are They Set?
by FPL_Elf
Movies
5m
Popular People in 1961
by mucciniale
History
6m
More to Explore
Quiz From the Vault
Featured Blog Post
Where Did the Easter Bunny Come From?
hide this ad
You Might Also Like...
Tags
WWE Quiz
2000
2000-2001
Pro Wrestling
tna
WCW
Wrestling
WWF
Today's Top Quizzes in Sports
Browse Sports
hide this ad
Today's Top Quizzes in WWE
Browse WWE
Top Contributed Quizzes in Sports
1
Les meilleurs buteurs des matchs entre le PSG et l’OM
2
2022 World Cup Stars
3
FIFA Club World Cup Champions
4
Les entraîneurs de l'OM et du PSG au 21e siècle
5
Name the Premier League winners with different clubs
6
La finale Lions - Afrique du Sud 2021
7
Les joueurs passés par le LOSC et le RC Lens
8
Criteria MLB: Left Handed Sluggers
9
Players with Multiple 50 Home Run Seasons
10
5-to-1: UK Sports Teams
Explore More
Trending Topics
Disney
NBA
Marvel
Harry Potter
Crossword
Anime
Kpop
Song
NFL
Soccer
Puzzle
The Office
Country
WWE
Pokémon
hide this ad
More By:
spark1
Quiz
Plays
Rating
Category
Featured
Created
PPV Main Eventers - WWE, WCW, ECW and TNA
17,012
3.72
Sports
May 23, 2012
Monday Night Wars: Every WWE, WCW and ECW Title Holder
9,170
4.64
Sports
May 9, 2012
WCW/ECW Alliance Members (Clickable)
4,654
3.86
Sports
Aug 4, 2012
Every opponent of Vince McMahon
4,157
3.50
Sports
Dec 11, 2011
Wrestled in a World Championship Match on PPV
3,902
3.94
Sports
May 26, 2012
Go to Creator's Profile
Score Distribution
Quiz Creator Spotlight
spark1
Follow
Send a Message
Quizzes Created
-
Created Quiz Play Count
-
More By This Creator
Popular Quizzes Today
1
Find the Countries of Europe - No Outlines Minefield
2
Find the US States - No Outlines Minefield
3
The Countries of the World
4
Popular People in 1961
5
US States
6
Find the US States
7
1-10 Letter E Words III
8
Risky Map Clicking: Biggest States A-Z
More Sports Quizzes
NFL Defensive POTY
Published
Trending Quizzes
Risky Map Clicking: Least Populous States A-Z
1-10 Letter F Words
1-10 Letter G Words
Not Quite an Element Typing Challenge
One Thing in Common: United Kingdom
Recently Updated
Leaping Animals
pecheneg
Reality TV Shows (A-Z)
bhenderson79
Rickey Henderson's Hall of Fame Teammates
pecheneg
Champions League XIs: Arsenal
pecheneg
Quick Pick: Celebrities in WWE's Hall of Fame
aduchscher
A-Z Keypad Blitz II
pecheneg
Multiple Oscar Actors
pecheneg
Mystery Phrase Blitz: Oscar 'Best Actors'
pecheneg
F. Scott Fitzgerald Novels
LTH
Pick 3 Villains
ddd62291
Trending Topics
Harry Potter
Crossword
NBA
Marvel
Anime
Disney
Kpop
Pokémon
Song
Soccer
Country
WWE
The Office
Puzzle
NFL
Your Account Isn't Verified!
In order to create a playlist on Sporcle, you need to verify the email address you used during registration. Go to your
Sporcle Settings
to finish the process.
Report this User
Report this user for behavior that violates our
Community Guidelines
.
Details:
Send Report
Go to the Sporcle.com Mobile Site →
Comments